000
00309cam a2200133 a 4500
020
_a
2221009800
040
_c
IaU
082
_a
843 R.L 1982 A092 Or.
100
1
_a
Michelet, Claude,
245
1
0
_a
Rocheflame :
_b
roman /
260
0
_a
Paris :
_b
R. Laffont,
_c
1982.
300
_a
219 p. ;
_c
22 cm.
942
_c
FB
999
_c
11868
_d
11868